000 00722cam a22002291 4500
001 ne 63001086
003 DLC
005 20260227111746.0
008 820520s1962 ua 000 0bararc
010 _ane 63001086
035 _a(OCoLC)8444510
040 _aPrinceton Univ. Libr.
_cTU
_dTU
_dDLC
042 _apremarc
050 0 0 _aPJ7832.I44
_bZ2
100 1 _aḤilmī, ʻUthmān.
245 1 3 _aal-Ẓāhir Barqūq,
_ctaʼlīf ʻUthmān Ḥilmī.
260 _a[al-Qāhirah,
_bal-Dār al-Qawmīyah lil-Ṭibāʻah wa-al-Nashr,
_c1962?]
300 _a140 p.
_c24 cm.
490 0 _aal-Kitāb al-māsī.
500 _aA drama.
600 1 0 _aBarqūq, al-Malik al-Ẓāhir,
_cSultan of Egypt,
_d1340 or 1341-1399
_vDrama.
999 _c45931
_d45931